Mechanical metallurgy (Record no. 25704)

000 -LEADER
fixed length control field 00503nam a22001937a 4500
001 - CONTROL NUMBER
control field 25704
003 - CONTROL NUMBER IDENTIFIER
control field BD-DhUET
008 - FIXED-LENGTH DATA ELEMENTS--GENERAL INFORMATION
fixed length control field 150516b xxu||||| |||| 00| 0 eng d
040 ## - CATALOGING SOURCE
Transcribing agency 0
Modifying agency BD-DhUET
082 ## - DEWEY DECIMAL CLASSIFICATION NUMBER
Classification number 669.94
Item number DIE/1961
100 ## - MAIN ENTRY--PERSONAL NAME
Personal name Dieter, E. George
245 ## - TITLE STATEMENT
Title Mechanical metallurgy
250 ## - EDITION STATEMENT
Edition statement 1st ed.
260 ## - PUBLICATION, DISTRIBUTION, ETC. (IMPRINT)
Place of publication, distribution, etc. London
Name of publisher, distributor, etc. McGraw-Hill
Date of publication, distribution, etc. 1961
300 ## - PHYSICAL DESCRIPTION
Extent xix, 615p.
Other physical details ill
490 ## - SERIES STATEMENT
Series statement Metallurgy and metallurgical engineering series
650 #0 - SUBJECT ADDED ENTRY--TOPICAL TERM
Topical term or geographic name as entry element Strength of materials
942 ## - ADDED ENTRY ELEMENTS (KOHA)
Koha item type General Book
Holdings
Not for loan Koha item type Price effective from Shelving location Koha full call number Date acquired Koha out on loan Source of classification or shelving scheme Lost status Piece designation (barcode) Sublocation or collection (holding branch) Koha normalized classification for sorting Location (home branch) Koha date last seen Damaged status Koha date last borrowed Koha issues (times borrowed) Copy number Withdrawn status
 General Book2015-05-16Circulation section669.94/DIE/19612015-05-16   7380Central Library, BUET669_940000000000000_DIE_1961Central Library, BUET2015-05-16   1 
 General Book2015-05-16Circulation section669.94/DIE/19612015-05-16   20408Central Library, BUET669_940000000000000_DIE_1961Central Library, BUET2015-05-16   2 
 General Book2015-05-16Circulation section669.94/DIE/19612015-05-16   11400Central Library, BUET669_940000000000000_DIE_1961Central Library, BUET2015-05-16   3 
 General Book2015-05-16Circulation section669.94/DIE/19612015-05-16   31952Central Library, BUET669_940000000000000_DIE_1961Central Library, BUET2015-05-16   4 
 General Book2015-05-19Circulation section669.94/DIE/19612015-05-19   31933Central Library, BUET669_940000000000000_DIE_1961Central Library, BUET2015-05-19   5 
 General Book2015-05-20Circulation section669.94/DIE/19612015-05-20   54704Central Library, BUET669_940000000000000_DIE_1961Central Library, BUET2024-05-26 2024-03-0426 
 General Book2015-05-21Circulation section669.94/DIE/19612015-05-21   24464Central Library, BUET669_940000000000000_DIE_1961Central Library, BUET2015-05-21   7 
 General Book2015-05-21Circulation section669.94/DIE/19612015-05-21   20407Central Library, BUET669_940000000000000_DIE_1961Central Library, BUET2018-10-06 2018-08-0818 
 General Book2015-05-23Circulation section669.94/DIE/19612015-05-23   31936Central Library, BUET669_940000000000000_DIE_1961Central Library, BUET2017-03-11   9 
 General Book2015-05-23Circulation section669.94/DIE/19612015-05-232025-05-14  31935Central Library, BUET669_940000000000000_DIE_1961Central Library, BUET2025-04-30 2025-04-30110 
 General Book2015-06-17Reading section669.94/DIE/19612015-06-17   24463Central Library, BUET669_940000000000000_DIE_1961Central Library, BUET2015-06-17   11 
 Reading Item2015-06-27Reading section669.94/DIE/19612015-06-27   36043Central Library, BUET669_940000000000000_DIE_1961Central Library, BUET2015-06-27   12